<?xml version="1.0" encoding="UTF-8"?>
<record
    xmlns:xsi="http://www.w3.org/2001/XMLSchema-instance"
    xsi:schemaLocation="http://www.loc.gov/MARC21/slim http://www.loc.gov/standards/marcxml/schema/MARC21slim.xsd"
    xmlns="http://www.loc.gov/MARC21/slim">

  <leader>00871nam a22001935i 4500</leader>
  <controlfield tag="001">156164</controlfield>
  <controlfield tag="003">ES-MaACL</controlfield>
  <controlfield tag="005">20230906210333.0</controlfield>
  <controlfield tag="008">020418s1889    sp           |||| | spa d</controlfield>
  <datafield tag="040" ind1=" " ind2=" ">
    <subfield code="a">CAM </subfield>
    <subfield code="b">spa </subfield>
    <subfield code="c">CAM</subfield>
  </datafield>
  <datafield tag="100" ind1="1" ind2=" ">
    <subfield code="a">Jackson Vey&#xE1;n, Jos&#xE9;.</subfield>
    <subfield code="9">65824</subfield>
  </datafield>
  <datafield tag="245" ind1="1" ind2="0">
    <subfield code="a">Bu&#xF1;uelos </subfield>
    <subfield code="b">: pasillo c&#xF3;mico-l&#xED;rico-filos&#xF3;fico, en un acto y en verso / </subfield>
    <subfield code="c">original de Jos&#xE9; Jackson Veyan; m&#xFA;sica del maestro Caballero.</subfield>
  </datafield>
  <datafield tag="260" ind1=" " ind2=" ">
    <subfield code="a">Madrid : </subfield>
    <subfield code="b">[s.n.], </subfield>
    <subfield code="c">1889 (</subfield>
    <subfield code="f">imprenta de M.P. Montoya)</subfield>
  </datafield>
  <datafield tag="300" ind1=" " ind2=" ">
    <subfield code="a">32 p. ; </subfield>
    <subfield code="c">20 cm.</subfield>
  </datafield>
  <datafield tag="500" ind1=" " ind2="1">
    <subfield code="a">Estrenado en el teatro Eslava, el 14 de octubre de 1889.</subfield>
  </datafield>
  <datafield tag="596" ind1=" " ind2="1">
    <subfield code="a">En verso de port. consta: "... de la Biblioteca l&#xED;rico-dram&#xE1;tica de Enrique Arregui ..."</subfield>
  </datafield>
  <datafield tag="700" ind1="2" ind2="1">
    <subfield code="a">Fern&#xE1;ndez Caballero, Manuel, </subfield>
    <subfield code="e">m&#xFA;s.</subfield>
    <subfield code="9">49531</subfield>
  </datafield>
  <datafield tag="852" ind1=" " ind2=" ">
    <subfield code="a">ES-MaACL</subfield>
    <subfield code="j">F-4091(13) </subfield>
    <subfield code="z">-- Enc. hol. </subfield>
    <subfield code="q">-- Falto de la cub. original</subfield>
    <subfield code="z">-- Enc. en un vol. facticio</subfield>
  </datafield>
  <datafield tag="999" ind1=" " ind2=" ">
    <subfield code="c">156164</subfield>
    <subfield code="d">156164</subfield>
  </datafield>
  <datafield tag="952" ind1=" " ind2=" ">
    <subfield code="0">0</subfield>
    <subfield code="1">0</subfield>
    <subfield code="4">0</subfield>
    <subfield code="7">0</subfield>
    <subfield code="8">LIBXIX</subfield>
    <subfield code="a">ATENEOM</subfield>
    <subfield code="b">ATENEOM</subfield>
    <subfield code="c">DEPO2</subfield>
    <subfield code="d">2008-01-17</subfield>
    <subfield code="e">SSC</subfield>
    <subfield code="l">0</subfield>
    <subfield code="o">F-4091(13)</subfield>
    <subfield code="p">1163376</subfield>
    <subfield code="r">2023-02-23 00:00:00</subfield>
    <subfield code="w">2023-02-23</subfield>
    <subfield code="y">MONANT</subfield>
  </datafield>
</record>
